20 Estados "menos felizes" do Brasil - Statistics

Estatísticas Gerais
  • Esse quiz foi jogado 44 vezes
  • A pontuação média é 18 de 20
Estatísticas das Respostas
Classificação/ Percentual Estado % Correto
1° Lugar/ 24,7% Bahia
97%
20°Lugar/16,8% Espírito Santo
97%
19°Lugar/ 17,1% São Paulo
97%
6°Lugar/ 21,9% Rio de Janeiro
97%
12°Lugar/ 19,5% Acre
94%
9°Lugar/ 20,5% Amazonas
94%
11°Lugar/ 19,8% Rio Grande do Norte
94%
14°Lugar/ 18,9% Pará
94%
15°Lugar/ 18,6% Ceará
91%
18°Lugar/ 17,4% Goiás
91%
17°Lugar/ 17,9% Tocantins
91%
8°Lugar/ 20,8% Paraiba
91%
4°Lugar/ 23,5% Pernambuco
91%
13° Lugar/ 19,2% Roraima
91%
7°Lugar/ 21,4% Amapá
89%
10°Lugar/ 20,1% Piauí
89%
5°Lugar/ 22,8% Maranhão
89%
3°Lugar/ 23,9% Sergipe
89%
2°Lugar/ 24,3% Alagoas
83%
16°Lugar/ 18,2% Distrito Federal
77%
Nenhum quiz correspondente encontrado
Distribuição das Pontuações
Porcentagem de Pessoas com Cada Pontuação
Percentil de Números Respondidos
Sua Pontuação Histórica
Você não jogou esse quiz